000
00193 a2200097 4500
001
892
100
_a
Panneh,W.E
245
_a
Radio installations
260
_a
_b
Chapman
_c
090
_c
482
_d
482
942
_a
NUST-CAE
_c
M
_c
31178
999
_c
235965
_d
235965